00000000nam##2200000za#4500
0019.599202
003CaOODSP
00520210624204941
007cr |||||||||||
008150406|2000||||xxc|||||o    f|0| 0 fre|d
040 |aCaOODSP|bfre
043 |an-cn---
0861 |aBT31-2/2001-III-8F-PDF
1101 |aCanada. |bConseil du trésor.
24510|aConseil de recherches en sciences humaines du Canada, budget des dépenses 2000-2001, partie III, rapport sur les plans et les priorités |h[ressource électronique]
260 |aOttawa - Ontario : |bSecrétariat du Conseil du Trésor du Canada |cc2000.
300 |a31p.|borganigramme, tableaux
4901 |aBudget des dépenses 2000-2001. Partie III, Rapport sur les plans et les priorités |v2000-2001
500 |aLe n° de catalogue (BT31-2/2001-III-8) et l’ISBN (0-660-61148-1) de l’édition imprimée bilingue ont été incorrectement copiés dans cette édition électronique.
504 |aBibliographie.
590 |a10-13-Supp|b2010-11-23
77508|tSocial Sciences and Humanities Research Council of Canada, 2000-2001 estimates, part III, report on plans and priorities |w(CaOODSP)9.567886
7760#|tConseil de recherches en sciences humaines du Canada |w(CaOODSP)9.533141
7760#|tSocial Sciences and Humanities Research Council of Canada |w(CaOODSP)9.533140
830#0|aBudget des dépenses 2000-2001. Partie III, Rapport sur les plans et les priorités ;|v2000-2001|w(CaOODSP)9.502562
85640|ahttp://publications.gc.ca|qPDF|s248 Ko|uhttps://publications.gc.ca/collections/Collection/BT31-2-2001-III-8F.pdf|y2000-2001